Movies Quiz

Random Movies or Quote Quiz

Famous Quotes from Movies Quiz Stats

 Plays Quiz not verified by Sporcle

Challenge
Share
Tweet
Embed
Score 0/20 Timer 08:00
0 Plays Today
Quote Movie % Correct
I'm going to make him an offer he can't refuse.Godfather
96.9%
I'll be back!Terminator
92.7%
If you build it, he will come.Field of Dreams
85.4%
Here's Johnny!The Shining
85.4%
A census taker once tried to test me. I ate his liver with some fava beans and a nice chianti.Silence of the Lambs
84.4%
Why so Serious?Dark Knight
82.3%
Are you talking to me?Taxi Driver
79.2%
Mr. Anderson.Matrix
66.7%
No, no, I don't know. You said it! How do I know? You said I'm funny. How the **** am I funny? What the **** is so funny about me?! Tell me, tell me what's funny!Goodfellas
62.5%
You don't understand! I coulda had class. I coulda been a contender. I could've been somebody, instead of a bum, which is what I amOn the Waterfront
59.4%
Quote Movie % Correct
In this country, you gotta make the money first. Then when you get the money, you get the power. Then when you get the power, then you get the womenScarface
49%
Are you not entertained?Gladiator
49%
No. I am your father. Star Wars
47.9%
That boy is alive. We are gonna send somebody to find him. And we are gonna get him the Hell... outta there. Saving Private Ryan
42.7%
I must break you!Rocky IV
39.6%
You want me on that wall! You need me on that wall!A Few Good Men
37.5%
Run! Get to the chopper!Predator
31.3%
I ain't heard no fat lady!Independence Day
19.8%
You're out Tom.Godfather Part 2
12.5%
It could be worse. A woman could cut off your penis while you're sleeping and toss it out the window of a moving car. Fight Club
3.1%

You're not logged in!

Compare scores with friends on all Sporcle quizzes.
OR
Log In

You Might Also Like...

Show Comments

Extras

Created Apr 16, 2011ReportNominate
Tags:Famous Quiz, Quote Quiz

Top Quizzes Today


Score Distribution

Your Account Isn't Verified!

In order to create a playlist on Sporcle, you need to verify the email address you used during registration. Go to your Sporcle Settings to finish the process.

Report this User

Report this user for behavior that violates our Community Guidelines.

Details: